Riddles - Statistics

General Stats
  • This quiz has been taken 67 times
  • The average score is 6 of 10
Answer Stats
Riddle Answer % Correct
Which word in the English Language becomes shorter when it is lengthened? Short
80%
What goes up and never comes down? Age
67%
No sooner spoken than broken. What am I? Silence
67%
I am as big as you but I don't weigh an ounce, what am I? Your Shadow
65%
You give someone a dollar. You are this persons brother, but the person is not your brother. How can this be? It's your sister
64%
I have married many women but I am not married. What am I? Priest
64%
I am only useful when I am full, yet I am always full of holes. What am I Sponge
56%
Whats black when you get it, red when you use it and white when you're done with it Charcoal/Coal
51%
What is round on both sides but high in the middle? Ohio
22%
What is drawn by everyone without pen or pencil? Breath
16%
No matching quizzes found
Score Distribution
Percent of People with Each Score
Percentile by Number Answered
Your Score History
You have not taken this quiz